000 01288ngm a22003370a 4500
001 PT16690
003 AR-LpoUNG
005 20210202000225.0
007 vd cvaizq
008 191001ss. f||||ag |||||||||||||||||ita d
037 _c$6.63
040 _aAR-LpoUNG
_bspa
_cAR-LpoUNG
_eaacr
041 _aita
044 _aag
082 0 _a940.4 744gue
100 1 _aMonicelli, Mario
_edir.
245 1 3 _aLa gran guerra
260 _aSan Juan :
_bKinema,
_cs. f..
300 _aVHS (139 min.) : son., byn
505 0 _aArgumento: Luciano Vincenzoni ; música: Nino Rota ; fotografía: Giusseppe Rotunno.
520 _aEs un fresco histórico sobre la primera guerra mundial, visto a través de la visión satírica de una historia tragicómica, la de Giovanni y Oreste, dos soldados medrosos y siempre fatigados que tratan de salvar la piel en medio de la gran tempestad de la guerra. Los hechos y los personajes son deliberadamente grotescos y las aventuras de los pobres soldados, provocan la hilaridad del público.
650 4 _aACTIVIDAD MILITAR
650 4 _aHISTORIA SOCIAL
650 4 _aIMPERIALISMO
650 4 _aPOLITICA EXTERIOR
650 4 _aPOLITICA INTERNACIONAL
650 4 _aPROBLEMAS SOCIALES
653 _aVIDEOS
905 _a16690
942 _cVIDEO
999 _c54383
_d54383